00814pam a2200253 a 450000100060000000300080000600500170001400800390003102000300007003500190010004000320011904100080015108200270015910000220018624500910020825000120029926000450031130000270035650000670038350400510045060000150050165000230051665000210053930442BD-RjUL20211209051550.0140409s1957 enk b 001 0 eng a0824069242 (alk. paper) : a(BD-RjUL)30527 aDLCcDLCdDLCdBD-RjULbeng aeng00a166.0924219bLUA 19571 aLukasiewicz, Jan.10aAristotle's syllogistic from the standpoint of modern formal logic /cJan Lukasiewicz. a2nd ed. aOxford :bAt the clarendon Press,c1957. axiii, 222 p. ;c22 cm. aReprint. Originally published: Oxford : Clarendon Press, 1957. aIncludes bibliographical references and index.00aAristotle. 0aSyllogismxHistory 0aModality (Logic)